000 00574cam a22002053a 4500
001 44472
003 PGUSA
005 20140828084021.0
008 131220s2013||||xxu|||||s|||||000 | eng d
040 _aPGUSA
_beng
042 _adc
100 1 _aConover, Mary Roberts
245 1 0 _aMaking a Poultry House
_h[electronic resource] /
_cMary Roberts Conover
260 _bProject Gutenberg,
_c2013
506 _aPublic domain in the USA.
516 _aElectronic text
830 0 _aProject Gutenberg
_v44472
856 4 0 _uhttp://www.gutenberg.org/ebooks/44472
942 _cEB
999 _c273723
_d273723